| 000 | 02164nam a22004817a 4500 | ||
|---|---|---|---|
| 001 | 1015200250 | ||
| 003 | OCoLC | ||
| 005 | 20241110171145.0 | ||
| 006 | m o d | ||
| 007 | cr cn||||||||| | ||
| 008 | 171211s2018 nyua ob 000 0 eng c | ||
| 020 | _a9781259860515 | ||
| 035 | _a(OCoLC)1015200250 | ||
| 040 |
_aINM _beng _erda _cINM |
||
| 041 | _aeng | ||
| 049 |
_aYYEA _aVZYM |
||
| 080 |
_a616.67 _bE-80 |
||
| 100 | 1 |
_aKane, Robert L., _d1940-2017. |
|
| 245 | 1 | 0 |
_aEssentials of clinical geriatrics _cRobert L. Kane, Joseph G. Ouslander, Barbara Resnick, Michael L. Malone. |
| 250 | _a8th ed. | ||
| 260 |
_a[New York] : _bMcGraw-Hill Education, _c2018 |
||
| 300 |
_axxiv, 568 pages : _billustrations (chiefly color) |
||
| 365 | _b67.56 usd | ||
| 500 | _aPreceded by Essentials of clinical geriatrics / Robert L. Kane [and others]. 2013. | ||
| 500 | _aEINSTEIN & MMC: available online via AccessMedicine. See Reference staff for assistance. | ||
| 504 | _aIncludes bibliographical references. | ||
| 505 | 0 | _aClinical implications of the aging process -- The geriatric patient: demography, epidemiology, and health services utilization -- Evaluating the geriatric patient -- Chronic disease management -- Prevention -- Delirium and dementia -- Diagnosis and management of depression -- Incontinence -- Falls -- Immobility -- Cardiovascular disorders -- Decreased vitality -- Sensory impairment -- Drug therapy -- High-value health services -- Nursing home care -- Ethical issues in the care of older persons -- Palliative care. | |
| 588 | _aDescription based on print version record; viewed online on December 11, 2017 via AccessMedicine. | ||
| 650 | 1 | 2 | _aGeriatrics. |
| 650 | 2 | 2 | _aAged. |
| 650 | 2 | 2 | _aGeriatric Assessment. |
| 650 | 2 | 2 |
_aAging _xpsychology. |
| 650 | 2 | 0 |
_aMedicine _969 |
| 653 | _aგერიატრია | ||
| 653 | _aდაბერება | ||
| 653 | _aმედიცინა | ||
| 653 | _aფსიქოლოგია | ||
| 653 | _aფიზიოლოგია | ||
| 700 | 1 | _aOuslander, Joseph G. | |
| 700 | 1 | _aResnick, Barbara. | |
| 700 | 1 | _aMalone, Michael L. | |
| 942 |
_2udc _cBK _e8 |
||
| 999 |
_c404 _d404 |
||